|
|
|
|
| LEADER |
00000cam a2200000 7i4500 |
| 001 |
0000003874 |
| 005 |
20230523.0 |
| 008 |
991207 cau eng |
| 020 |
|
|
|a 0835929914 (pbk)
|
| 040 |
|
|
|a INS
|
| 090 |
0 |
0 |
|a QA76.812594
|b .F255 1982
|
| 100 |
1 |
|
|a Faulk, Ed
|
| 245 |
1 |
0 |
|a How to write a computer program
|c by Ed Faulk
|
| 246 |
1 |
0 |
|a How to wtite an IBM-PC program
|
| 260 |
|
|
|a California :
|b Datamost ,
|c (197)
|
| 300 |
|
|
|a vi, 145 p. :
|b ill. ;
|c 21 cm.
|
| 650 |
|
0 |
|a IBM 360 (computer)
|x Programming
|
| 650 |
|
0 |
|a IBM system/32 (computer)
|x Programming
|
| 999 |
|
|
|a 0000001956
|b BOOK
|c Open Shelf
|e Default branch
|